000 00332nam a2200133Ia 4500
008 230917s9999||||xx |||||||||||||| ||und||
040 _e96089
_aMAIN
041 _aEnglish
082 _a380 R137S
100 _aRaja Ram
245 0 _aStudy of role & performance of Haryana state electricity board
300 _a245 p.
942 _cTH
999 _c87931
_d87931